NBA players that made a finals appearances - Statistics

General Stats
  • This quiz has been taken 28 times
  • The average score is 21 of 34
Answer Stats
Hint appearances Answer % Correct
LAL 10 LeBron James
100%
GSW 5 Stephen Curry
100%
GSW 5 Draymond Green
96%
BOS 2 Jayson Tatum
96%
PHX 4 Kevin Durant
96%
DAL 5 Klay Thompson
96%
DAL 4 Kyrie irving
96%
CLE 4 Tristan Thompson
96%
BOS 2 Jaylen Brown
92%
MIA 2 Jimmy Butler
92%
MIA 2 Bam Adebayo
84%
LAC 3 Kawhi Leonard
84%
BOS 2 Derrick White
76%
DAL 1 Luka Doncic
76%
BOS 2 Al horford
68%
MIA 4 Kevin Love
64%
DEN 1 Nikola Jokic
64%
PHX 1 Devin Booker
60%
MIL 1 Giannis Antetokounmpo
60%
GSW 3 Kevon Looney
60%
WAS 1 Kyle Kuzma
48%
BOS 2 Payton Pritchard
44%
HOU 1 Fred Vanvleet
40%
ORL 2 Kentavious-Caldwell-Pope
40%
IND 1 Pascal Siakam
40%
OKC 1 Alex Caruso
36%
LAC 2 Derrick jones jr
36%
BOS 2 Luke Kornet
32%
BOS 2 Sam Hauser
28%
DAL 1 Derrick Lively
24%
MIA 2 Duncan Robinson
24%
BOS 2 Jrue Holliday
20%
SAC 2 Jae Crowder
12%
DAL 2 Markieff Morris
8%
No matching quizzes found
Score Distribution
Percent of People with Each Score
Percentile by Number Answered
Your Score History
You have not taken this quiz